00661nam a2200181 i 450000100060000000300090000600500170001500700030003200800410003510000430007624500730011926000490019230000320024160000410027385200220031499900170033695201260035350703ES-MaACL20251015192759.0t|030806s1962 sp f |||| |bspa d1 aCueco Adrián, José María.94197110aRomeu b: héroe de la independencia / cJosé Mª Cueco Adrián. aSagunto : bAyuntamiento de Sagunto, c1962. a222 p., 7 lám. ; c21 cm.17aRomeu, José, d1778-181329165069 aES-MaACLjC-22467 c50703d50703 00104070aATENEOMbATENEOMcGaleríad2008-01-17eSCl0oC-22467p1053328r2023-02-23 00:00:00w2023-02-23yMONOGRAFIA